000 00519nam a2200157 a 4500
001 000032289
005 20200930063606.0
008 110714s2012 dr 000 0 spa d
020 _a9789945006292
040 _aDO-SdBNP
_bspa
_cBNPHU
082 _axxxx
_bxxxx
100 1 _aOrtíz Pujols, Yeyscol Miguel
_958324
245 1 0 _aDesde la claridad de los sentimientos oscuros /
_cYeyscol Miguel Ortíz Pujolsv.
260 _aSan José de Ocoa, República Dominicana :
_bAmigo del hogar,
_c2012.
300 _a235 p. ;
_c22 cm.
999 _c31780
_d31780